<?xml version="1.0" encoding="UTF-8"?>
<record
    xmlns:xsi="http://www.w3.org/2001/XMLSchema-instance"
    xsi:schemaLocation="http://www.loc.gov/MARC21/slim http://www.loc.gov/standards/marcxml/schema/MARC21slim.xsd"
    xmlns="http://www.loc.gov/MARC21/slim">

  <leader>00758nam a2200145I  4500</leader>
  <datafield tag="040" ind1=" " ind2=" ">
    <subfield code="c">VTU</subfield>
  </datafield>
  <datafield tag="082" ind1=" " ind2=" ">
    <subfield code="a"> 634 ISR 1965 A040 Or.</subfield>
  </datafield>
  <datafield tag="100" ind1="1" ind2="0">
    <subfield code="a">Kroth, Werner</subfield>
  </datafield>
  <datafield tag="245" ind1="1" ind2="0">
    <subfield code="a">Systems of forest taxation and tax impact upon private forestry in several European countries.</subfield>
    <subfield code="b">(Die systeme der Waldbesteuerung und die steuerliche Belastung privater Forstbetriebe in einigen europ&#xA9;&#xDE;ischen L&#xA9;&#xDE;ndern)</subfield>
  </datafield>
  <datafield tag="260" ind1="0" ind2=" ">
    <subfield code="a">Jerusalem,</subfield>
    <subfield code="b">Israel Program for Scientific Translations; [available from the Office of Technical Services, U.S. Dept. of Commerce]</subfield>
    <subfield code="c">1963-65</subfield>
  </datafield>
  <datafield tag="300" ind1=" " ind2=" ">
    <subfield code="a">2 v.</subfield>
    <subfield code="b">illus.</subfield>
    <subfield code="c">25 cm</subfield>
  </datafield>
  <datafield tag="500" ind1=" " ind2=" ">
    <subfield code="a">"Publication of the Institute for Forest Policy and Forest Economics of the Forestry Research Station at Munich."</subfield>
  </datafield>
  <datafield tag="650" ind1=" " ind2="0">
    <subfield code="a">Forests and forestry</subfield>
  </datafield>
  <datafield tag="942" ind1=" " ind2=" ">
    <subfield code="c">EK</subfield>
  </datafield>
  <datafield tag="999" ind1=" " ind2=" ">
    <subfield code="c">12120</subfield>
    <subfield code="d">12120</subfield>
  </datafield>
  <datafield tag="952" ind1=" " ind2=" ">
    <subfield code="0">0</subfield>
    <subfield code="1">0</subfield>
    <subfield code="4">0</subfield>
    <subfield code="6">634_000000000000000_ISR_1965_A040_OR</subfield>
    <subfield code="7">0</subfield>
    <subfield code="9">61318</subfield>
    <subfield code="a">LBA</subfield>
    <subfield code="b">LBA</subfield>
    <subfield code="c">A040</subfield>
    <subfield code="d">2017-08-10</subfield>
    <subfield code="o">634 ISR 1965 A040 Or.</subfield>
    <subfield code="p">A08036</subfield>
    <subfield code="r">2017-08-10</subfield>
    <subfield code="w">2017-08-10</subfield>
    <subfield code="y">EK</subfield>
  </datafield>
</record>
